Statistics for Football team to country #4

Click here to take the quiz!

General Stats

  • This quiz has been taken 43 times
  • The average score is 11 of 15

Answer Stats

Club nameCountry% Correct
West Ham UnitedUnited Kingdom
100%
Schalke 04Germany
95%
New England RevolutionUnited States
95%
Red Bull SalzburgAustria
90%
FluminenseBrazil
86%
IndependienteArgentina
79%
KF TiranaAlbania
76%
Boavista FCPortugal
76%
TrabzonsporTurkey
74%
Viktoria PlzenCzech Republic
67%
Al-TaawounSaudi Arabia
67%
Gangwon FCSouth Korea
67%
Orlando PiratesSouth Africa
64%
Millonarios FCColombia
57%
NK LokomotivaCroatia
45%

Score Distribution

Percentile by Number Answered

Percent of People with Each Score

Your Score History

You have not taken this quiz